Personnages de fiction en images - A - Statistiques

Statistiques générales
  • Ce quiz a été pris 145 441 fois
  • Le résultat moyen est 12 sur 20
Statistiques - réponses
Par images Réponse % Correct
Aladdin
99%
Asterix
99%
Ariel
94%
Anna
81%
Albus Dumbledore
80%
Alice
80%
Anakin Skywalker
75%
Amélie Poulain
71%
Aurore
63%
Arthur Pendragon
55%
Aquaman
54%
Albator
48%
Astro
46%
Aspicot
44%
Aragorn
42%
Averell Dalton
37%
Aslan
36%
Athéna
36%
Arsène Lupin
32%
Agrippine
5%
Aucun quiz correspondant
Distribution des résultats
% des personnes avec chaque résultat
Percentile par nombre de réponses
Votre historique - résultats
Vous n’avez pas pris ce quiz